000 00598nam a22002057a 4500
003 dpl
005 20180709164648.0
008 180709b xxu||||| |||| 00| 0 eng d
020 _a978818054688
_c295.00
035 _aB-275752
040 _aDPL
_bEN
_c0
082 _a658.15
_bSAX
100 _aSaxena, V.K.
245 _aEssentials of financial management
_c/by V. K. Saxena and C.D. Vashist
260 _aNew Delhi
_bSultan Chand
_c2008
270 _a23, Daryaganj
_bNew Delhi
_c110002
300 _av.p.
_c22cm.
600 _aC. D. Vashist
942 _2ddc
_cEN
_h658.15
_mSAX
999 _c153683
_d153683